The New Realities In Government and Politics, in Economics and Business, in Society and World View

Enregistré dans:
Détails bibliographiques
Auteur principal: Drucker, Peter F.
Format: Livre
Langue:anglais
Publié: New York Harper Business 1994
Édition:1. ed.
Sujets:
Tags: Ajouter un tag
Pas de tags, Soyez le premier à ajouter un tag!

MARC

LEADER 00000nam a2200000 4500
001 c014287
005 20221214075506.0
020 |a 0-88730-617-9 
041 0 |a eng 
044 |a US 
245 1 0 |a The New Realities  |b In Government and Politics, in Economics and Business, in Society and World View  |c Peter F. Drucker 
250 |a 1. ed. 
264 1 |a New York  |b Harper Business  |c 1994 
300 |a 276 s. 
610 2 0 |a politika 
610 2 0 |a politika svetová 
610 2 0 |a hospodárstvo svetové 
610 2 0 |a spoločnosť informačná 
610 2 0 |a dejiny 
610 2 0 |a 1985-1995 
100 1 |a Drucker, Peter F.